Introduction to the mathematics of finance
Αποθηκεύτηκε σε:
| Κύριος συγγραφέας: | |
|---|---|
| Μορφή: | Βιβλίο |
| Γλώσσα: | Greek |
| Δημοσίευση: |
Providence, R.I. :
American Mathematical Society,
c2006
|
| Σειρά: | Graduate studies in mathematics ;
; 72 |
| Θέματα: | |
| Ετικέτες: |
Προσθήκη ετικέτας
Δεν υπάρχουν, Καταχωρήστε ετικέτα πρώτοι!
|
MARC
| LEADER | 00000nam a2200000 i 4500 | ||
|---|---|---|---|
| 001 | 1/59764 | ||
| 008 | 071022s2006 gre d | ||
| 020 | |a 0-8218-3903-9 | ||
| 035 | |l 10091713 | ||
| 040 | |a GR-MY-UA |b gre |e aacr | ||
| 041 | 0 | |a gre | |
| 082 | 0 | |a 332.01513 |2 (22) | |
| 100 | 1 | |a Williams, R. J. |q (Ruth J.) |d 1955- | |
| 245 | 1 | 0 | |a Introduction to the mathematics of finance / |c R.J. Williams |
| 260 | |a Providence, R.I. : |b American Mathematical Society, |c c2006 | ||
| 300 | |a viii, 150 σ.; |b εικ.; |c 37 εκ. | ||
| 490 | 1 | |a Graduate studies in mathematics |v ; 72 | |
| 504 | |a Περιλαμβάνει βιβλιογραφικές παραπομπές (σ. 145-147) και ευρετήριο. | ||
| 650 | 0 | 0 | |a Finance |x Mathematical models |x Textbooks. |
| 830 | 0 | |a Graduate studies in mathematics ; |v ; 72 | |
| 852 | |a INST |b SAMOS |e 20071022 |h 332.01513 WIL |p 005300028071 |q 005300028071 |t BK |y 0 | ||
| 901 | |a BIBL3-2007-3 | ||
| 909 | |a Σ |b 139400 | ||
| 922 | |a 3ΕΛΗ |b 200709 |c ΕΠΕΑΕΚ2/ΤΜΗΜΑ ΜΑΘΗΜΑΤΙΚΩΝ |d ΠΑΠΑΣΩΤΗΡΙΟΥ | ||
| 970 | |a ΣΙΤΖΙΜΗ |b ΓΙΑΣΕΜΗ |z 2007/10/22 | ||